| 000 | 00000nam##2200000za#4500 |
| 001 | 9.571396 |
| 003 | CaOODSP |
| 005 | 20210624182713 |
| 007 | cr ||||||||||| |
| 008 | 150406|2005||||xxc|||||o f|0| 0 eng|d |
| 040 | |aCaOODSP|beng |
| 043 | |an-cn--- |
| 086 | 1 |aTU3-5/05-20E-PDF |
| 110 | 2 |aTransportation Safety Board of Canada. |
| 245 | 10|aStall and loss of control during climb, Provincial Airlines Limited, de Havilland DHC-8-100 C-GZKH, St. John's, Newfoundland and Labrador, 27 May 2005 |h[electronic resource] |
| 260 | |aGatineau - Quebec : |bTransportation Safety Board of Canada |c[2006]. |
| 300 | |a13p.|bgraphs, references, photographs |
| 490 | 1 |aAviation investigation report |vA05A0059 |
| 500 | |a"The Board authorized the release of this report on 23 February 2006."--p.11 of 13. |
| 590 | |a12-19-Supp|b2012-04-30 |
| 775 | 08|tDécrochage et perte de contrôle en montée, du de Havilland DHC-8-100 C-GZKH, exploité par Provincial Airlines Limited à St. John's (Terre-Neuve-et-Labrador), le 27 mai 2005 |w(CaOODSP)9.602008 |
| 830 | #0|aAviation investigation report ;|vA05A0059|w(CaOODSP)9.504825 |
| 856 | 40|ahttp://publications.gc.ca|qPDF|s636 KB|uhttps://publications.gc.ca/collections/collection_2011/bst-tsb/TU3-5-05-20-eng.pdf|yA05A0059 |